Les aventures de Jacky l'ourson - Statistiques

Statistiques générales
  • Ce quiz a été pris 8 fois
  • Le résultat moyen est 4 sur 10
Statistiques - réponses
Hint Réponse % Correct
1 Jacky
100%
6 Artilis
40%
3 Ginette
40%
2 Leno
40%
10 Tout
40%
4 Darkimissi
20%
5 Moulou
20%
9 Sniff
20%
7 Spectre du bien
20%
8 Spectre du mal
20%
Aucun quiz correspondant
Distribution des résultats
% des personnes avec chaque résultat
Percentile par nombre de réponses
Votre historique - résultats
Vous n’avez pas pris ce quiz